| 000 -LEADER |
| fixed length control field |
01387nam a22001577a 4500 |
| 008 - FIXED-LENGTH DATA ELEMENTS--GENERAL INFORMATION |
| fixed length control field |
201016b ||||| |||| 00| 0 eng d |
| 100 ## - MAIN ENTRY--PERSONAL NAME |
| Personal name |
Dewey, Clive |
| 245 ## - TITLE STATEMENT |
| Title |
Changing the guard: the dissolution of the nationalist–Marxist orthodoxy in the agrarian and agricultural history of India |
| 260 ## - PUBLICATION, DISTRIBUTION, ETC. (IMPRINT) |
| Place of publication, distribution, etc |
Indian Economic and Social History Review |
| 300 ## - PHYSICAL DESCRIPTION |
| Extent |
56(4), Oct-Dec, 2019: p.489-510 |
| 520 ## - SUMMARY, ETC. |
| Summary, etc |
The two collections of papers seem, at first sight, to have everything in common. They deal with the two sides of the same medal: the history of peasant farming and agrarian society in the colonial period in South Asia. They have been written by teams of talented historians who stick to their overarching themes; so the two books form more coherent wholes than festschrifts and sets of conference papers have any right to do. They have been published by two commercial publishers with production values as high as many university presses: the kind of publishing houses that have sprung up in India just as they have died out in the West. As a result, no student—no scholar—interested in the history of agriculture or rural society in India can afford to neglect them. – Reproduced |
| 650 ## - SUBJECT ADDED ENTRY--TOPICAL TERM |
| Topical term or geographic name as entry element |
Agricultural history – India, Marxism, Agriculture |
| 9 (RLIN) |
18674 |
| 773 ## - HOST ITEM ENTRY |
| Main entry heading |
Indian Economic and Social History Review |
| 906 ## - LOCAL DATA ELEMENT F, LDF (RLIN) |
| Subject DIP |
INDIA – HISTORY |
| 942 ## - ADDED ENTRY ELEMENTS (KOHA) |
| Item type |
Articles |